Les 20 préfectures les plus proches de Chalons en Champagne - Statistiques

Statistiques générales
  • Ce quiz a été pris 119 fois
  • Le résultat moyen est 15 sur 20
Statistiques - réponses
distance (en km) ville préfecture % Correct
148 Paris
98%
76 Troyes
96%
134 Metz
94%
137 Nancy
91%
95 Charleville-Mézières
82%
87 Laon
81%
142 Auxerre
80%
133 Melun
79%
110 Chaumont
78%
62 Bar le Duc
75%
165 Versailles
74%
182 Amiens
73%
180 Epinal
72%
146 Evry Courcouronnes
72%
174 Beauvais
70%
170 Cergy-Pontoise
69%
141 Créteil
67%
140 Bobigny
64%
158 Nanterre
64%
187 Arras
63%
Aucun quiz correspondant
Distribution des résultats
% des personnes avec chaque résultat
Percentile par nombre de réponses
Votre historique - résultats
Vous n’avez pas pris ce quiz